[Event "British Rapidplay"]
[Site "Halifax ENG"]
[Date "2009.11.21"]
[Round "1"]
[White "Gordon,S"]
[Black "Tozer,R"]
[Result "1-0"]
[WhiteElo "2527"]
[BlackElo "2296"]
[EventDate "2009.11.21"]

1. d4 e6 2. c4 f5 3. g3 Nf6 4. Bg2 d5 5. Nh3 c6 6. O-O Bd6 7. Bf4 Be7 8.
Bg5 O-O 9. Nf4 Qe8 10. Nd2 h6 11. Bxf6 Bxf6 12. Nf3 Nd7 13. Qb3 b6 14. cxd5
cxd5 15. Nxd5 Qd8 16. Rac1 Bb7 17. Nc7 Nc5 18. Rxc5 bxc5 19. Qxb7 Rb8 20.
Qc6 Rb6 21. Qxc5 Rf7 22. Rc1 Rxb2 23. Nxe6 Qe8 24. Nf4 Bg5 25. Ne5 Re7 26.
e3 1-0

[Event "British Rapidplay"]
[Site "Halifax ENG"]
[Date "2009.11.21"]
[Round "1"]
[White "Hebden,M"]
[Black "Rabbitte,L"]
[Result "1-0"]
[WhiteElo "2522"]
[BlackElo "2000"]
[EventDate "2009.11.21"]

1. d4 Nf6 2. Nf3 e6 3. c3 Be7 4. Bf4 Nc6 5. Nbd2 d5 6. e3 a6 7. Bd3 h6 8.
O-O Bd6 9. Ne5 Bxe5 10. Bxe5 Nxe5 11. dxe5 Ng8 12. f4 Ne7 13. Qh5 g6 14.
Qh3 c5 15. b4 Bd7 16. bxc5 Qa5 17. Rfc1 Qxc5 18. c4 Rc8 19. Nb3 Qa3 20.
cxd5 exd5 21. Rxc8+ Bxc8 22. Qh4 Nf5 23. Qf2 h5 24. Rd1 O-O 25. h3 h4 26.
Bxf5 Bxf5 27. Rxd5 Be6 28. Rd3 Bc4 29. Rc3 b5 30. Nd4 Qb4 31. Rc2 Bd3 32.
Qd2 Qxd2 33. Rxd2 Be4 34. Nf3 Bxf3 35. gxf3 Rc8 36. Kg2 Rc3 37. Kf2 a5 38.
e4 b4 39. f5 Rc5 40. f4 gxf5 41. exf5 Rc3 42. e6 fxe6 43. fxe6 Kf8 44. f5
Rc5 45. Rd8+ Ke7 46. Rd7+ Kf6 47. Rf7+ Kg5 48. e7 Re5 49. f6 a4 50. Rf8 b3
51. axb3 axb3 52. e8=Q b2 53. Qxe5+ 1-0

[Event "British Rapidplay"]
[Site "Halifax ENG"]
[Date "2009.11.21"]
[Round "2"]
[White "Palliser,R"]
[Black "Combie,A"]
[Result "1-0"]
[WhiteElo "2435"]
[BlackElo "1945"]
[EventDate "2009.11.21"]

1. d4 Nf6 2. c4 g6 3. Nc3 Bg7 4. e4 d6 5. Nge2 e5 6. d5 a5 7. Ng3 Bd7 8.
Be2 Na6 9. Be3 b6 10. Qd2 Ng4 11. Bxg4 Bxg4 12. Bh6 Bxh6 13. Qxh6 Nc5 14.
O-O Qe7 15. f4 exf4 16. Rxf4 Bd7 17. Raf1 Rf8 18. Qxh7 Nd3 19. Rf6 Ne5 20.
c5 bxc5 21. h3 O-O-O 22. Qh6 Rh8 23. Qd2 Kb7 24. Nce2 Ra8 25. Nc1 Bb5 26.
R1f2 Qf8 27. a4 Ba6 28. Nb3 Qh6 29. Nxa5+ Kb6 30. Qxh6 Rxh6 31. Nc6 Nxc6
32. dxc6 Bc4 33. b3 Be6 34. Nf1 Kxc6 35. Nd2 1-0

[Event "British Rapidplay"]
[Site "Halifax ENG"]
[Date "2009.11.21"]
[Round "2"]
[White "Cannon,Ri"]
[Black "Hebden,M"]
[Result "0-1"]
[WhiteElo "2098"]
[BlackElo "2522"]
[EventDate "2009.11.21"]

1. e4 e5 2. Nf3 Nc6 3. Bb5 a6 4. Ba4 Nf6 5. O-O Be7 6. Re1 b5 7. Bb3 O-O 8.
d3 d6 9. c3 Na5 10. Bc2 c5 11. Nbd2 Re8 12. Nf1 g6 13. Ng3 Bf8 14. d4 cxd4
15. cxd4 Bg4 16. d5 Nc4 17. b3 Nb6 18. h3 Bd7 19. Bb2 Bh6 20. Bc1 Bg7 21.
Qd2 a5 22. Bb2 a4 23. Qb4 Qb8 24. Ba3 Rc8 25. Bd3 Ne8 26. Rac1 axb3 27.
axb3 Ra7 28. Bb2 Bh6 29. Ra1 Bf8 30. Rxa7 Qxa7 31. Ra1 Qb8 32. Ra5 Nc4 33.
bxc4 bxc4 34. Qxb8 Rxb8 35. Bxc4 Rxb2 36. Ra7 Nf6 37. Ne1 Rb1 38. Kf1 Bh6
39. Ke2 Rb2+ 40. Kf3 Rb4 41. Bd3 Kf8 42. Ne2 Bd2 43. Nc2 Rb3 44. Ra3 Rxa3
45. Nxa3 Bb4 46. Nc2 Bc5 47. Nc3 Nh5 48. Ne2 f5 49. g4 fxg4+ 50. hxg4 Nf6
51. g5 Bg4+ 52. Kg2 Bxe2 53. Bxe2 Nxe4 54. f3 Nxg5 55. Bd3 Ke7 56. Kg3 Kf6
57. Ne1 Nf7 58. Ng2 Kg5 59. f4+ exf4+ 60. Nxf4 Bf2+ 61. Kf3 Ne5+ 62. Ke4
Bg3 63. Ne6+ Kf6 64. Be2 h5 65. Bf1 g5 66. Nc7 Ng6 67. Nb5 Be5 68. Na3 g4
69. Nc4 h4 70. Ne3 Kg5 71. Be2 g3 72. Bf1 Nf4 73. Nf5 g2 74. Bxg2 Nxg2 75.
Nxh4 Nxh4 76. Kd3 Kf5 77. Kc4 Ke4 78. Kb3 Kxd5 79. Kc2 Ke4 80. Kd2 d5 81.
Ke2 d4 82. Kd2 Nf3+ 0-1

[Event "British Rapidplay"]
[Site "Halifax ENG"]
[Date "2009.11.21"]
[Round "2"]
[White "Hawkins,Jo"]
[Black "Woodcock,S"]
[Result "1-0"]
[WhiteElo "2383"]
[BlackElo "2100"]
[EventDate "2009.11.21"]

1. d4 d5 2. c4 e6 3. Nc3 c5 4. cxd5 cxd4 5. Qa4+ Bd7 6. Qxd4 exd5 7. Qxd5
Nc6 8. Nf3 Nf6 9. Qd1 Bc5 10. e3 Qe7 11. Be2 O-O 12. O-O Rad8 13. a3 Bb6
14. Qc2 Ne5 15. Bd2 Bc6 16. Nd4 Bxd4 17. exd4 Rxd4 18. Be3 Rdd8 19. Bxa7
Nfg4 20. f3 Nf6 21. Rad1 Rc8 22. b4 Qc7 23. Nb5 Bxb5 24. Qxc7 Rxc7 25. Bxb5
Ned7 26. Be3 Nb8 27. Bc5 Rfc8 28. Rd6 h6 29. Rfd1 Nc6 30. a4 Nh5 31. Bb6
Nxb4 32. Bxc7 Rxc7 33. Rd8+ Kh7 34. R8d7 Rc2 35. Rb1 1-0

[Event "British Rapidplay"]
[Site "Halifax ENG"]
[Date "2009.11.21"]
[Round "2"]
[White "Howell,D"]
[Black "Walton,A"]
[Result "1-0"]
[WhiteElo "2597"]
[BlackElo "2152"]
[EventDate "2009.11.21"]

1. e4 e6 2. d4 d5 3. Nd2 Nf6 4. e5 Nfd7 5. f4 c5 6. c3 Nc6 7. Ndf3 Qb6 8.
a3 Be7 9. h4 f6 10. Bd3 Nf8 11. b4 cxd4 12. cxd4 Bd7 13. Ne2 Rc8 14. Be3
Nd8 15. f5 Nf7 16. Qd2 exf5 17. Nf4 Be6 18. O-O Ng6 19. Nxe6 Qxe6 20. h5
fxe5 21. hxg6 hxg6 22. Bb5+ Kf8 23. dxe5 Nxe5 24. Nxe5 Qxe5 25. Bf4 Qf6 26.
Qxd5 Rd8 27. Bd7 Qb6+ 28. Rf2 Rh1+ 29. Kxh1 Qxf2 30. Bh2 Qh4 31. Rd1 b6 32.
Qf3 Qf6 33. Bc7 Qh4+ 34. Kg1 1-0

[Event "British Rapidplay"]
[Site "Halifax ENG"]
[Date "2009.11.21"]
[Round "3"]
[White "Arkell,K"]
[Black "Howell,D"]
[Result "1/2-1/2"]
[WhiteElo "2521"]
[BlackElo "2597"]
[EventDate "2009.11.21"]

1. d4 Nf6 2. Nf3 d5 3. c4 c6 4. Nc3 e6 5. cxd5 exd5 6. Bg5 Be7 7. e3 Bf5 8.
Bxf6 Bxf6 9. Bd3 Bg6 10. O-O Nd7 11. b4 O-O 12. b5 Qa5 13. Bxg6 hxg6 14.
bxc6 bxc6 15. Rc1 Rab8 16. Qa4 Qxa4 17. Nxa4 Rfc8 18. Nc5 Nxc5 19. Rxc5 Be7
20. Ra5 Rb7 21. Rc1 Rbc7 22. Kf1 1/2-1/2

[Event "British Rapidplay"]
[Site "Halifax ENG"]
[Date "2009.11.21"]
[Round "3"]
[White "Hebden,M"]
[Black "Hague,B"]
[Result "1-0"]
[WhiteElo "2522"]
[BlackElo "2289"]
[EventDate "2009.11.21"]

1. d4 Nc6 2. Nf3 d5 3. c4 Bg4 4. Nc3 e6 5. Bf4 Bxf3 6. gxf3 Bd6 7. Bg3 Nge7
8. e3 Nf5 9. cxd5 exd5 10. Bd3 Qg5 11. f4 Qf6 12. Nxd5 Qe6 13. Bc4 O-O 14.
Nb6 Bb4+ 15. Kf1 Nxe3+ 16. fxe3 Qh3+ 17. Kf2 axb6 18. Qf3 Rae8 19. Rhd1 Re7
20. f5 Rfe8 21. Bf1 Qh6 22. Bf4 Qf6 23. Qg4 Re4 24. Bg2 h5 25. Qg5 Rxf4+
26. exf4 Qd6 27. f6 g6 28. Bd5 1-0

[Event "British Rapidplay"]
[Site "Halifax ENG"]
[Date "2009.11.21"]
[Round "3"]
[White "Poobalasingam,P"]
[Black "Wells,P"]
[Result "0-1"]
[WhiteElo "2224"]
[BlackElo "2489"]
[EventDate "2009.11.21"]

1. d4 Nf6 2. Nf3 d5 3. g3 c6 4. Bg2 Bg4 5. Nbd2 e6 6. O-O Be7 7. c4 Nbd7 8.
b3 O-O 9. h3 Bh5 10. Bb2 a5 11. Qe1 Qb6 12. e4 dxe4 13. Nxe4 Nxe4 14. Qxe4
a4 15. Qe3 Rfe8 16. Rfe1 Bf6 17. g4 Bg6 18. h4 h5 19. gxh5 Bxh5 20. Ng5 Bg6
21. Be4 Bxe4 22. Nxe4 Bxh4 23. Kg2 axb3 24. axb3 Rxa1 25. Rxa1 Nf6 26. Rh1
Nxe4 27. Rxh4 f5 28. Qh3 Kf7 29. Qf3 Nf6 30. Ba3 Qd8 31. Bc1 Rh8 32. Rxh8
Qxh8 33. Qg3 Qh5 34. Qc7+ Kg6 35. f3 Qh4 36. Bf4 Qe1 37. Bg3 Qd2+ 38. Bf2
Qb4 39. Qg3+ Kh7 40. Qe5 Qxb3 41. Qxe6 Kg6 42. Bh4 Qc2+ 43. Kg3 f4+ 44.
Kxf4 Qh2+ 45. Bg3 Qd2+ 46. Ke5 Qg5+ 47. Kd6 Qxg3+ 48. Kc5 Qc7 49. Qe1 Kf7
50. Qd2 Nd7+ 51. Kb4 c5+ 52. dxc5 Qxc5+ 53. Kb3 Ne5 54. Qf4+ Ke6 55. Qe4
Qxc4+ 56. Qxc4+ Nxc4 57. Kxc4 Kf5 58. Kd3 Kf4 59. Ke2 b5 60. Kf2 b4 61. Ke2
b3 62. Kd3 Kxf3 63. Kc3 g5 64. Kxb3 g4 65. Kc4 g3 66. Kd3 g2 0-1

[Event "British Rapidplay"]
[Site "Halifax ENG"]
[Date "2009.11.21"]
[Round "4"]
[White "Palliser,R"]
[Black "Hebden,M"]
[Result "0-1"]
[WhiteElo "2435"]
[BlackElo "2522"]
[EventDate "2009.11.21"]

1. d4 Nf6 2. c4 c5 3. d5 b5 4. Nf3 d6 5. cxb5 a6 6. b6 Nbd7 7. Nc3 Rb8 8.
e4 g6 9. Be2 Bg7 10. O-O O-O 11. Bf4 Qxb6 12. Rb1 Ng4 13. Nd2 Nge5 14. Be3
Nf6 15. h3 a5 16. f4 Ned7 17. Nc4 Qc7 18. e5 Ne8 19. e6 Ndf6 20. exf7+ Rxf7
21. g4 e6 22. Bf3 Rf8 23. Qd3 Kh8 24. Rbd1 exd5 25. Bxd5 Ba6 26. b3 a4 27.
Rb1 axb3 28. axb3 Nxd5 29. Nxd5 Qd8 30. Kh2 Nf6 31. Nxf6 Qxf6 32. f5 gxf5
33. Rxf5 Qe6 34. Rh5 Be5+ 35. Kg1 Rf7 36. Rd1 Rbf8 37. Qd2 Bxc4 38. bxc4
Qxc4 39. Qg2 Rf3 0-1

[Event "British Rapidplay"]
[Site "Halifax ENG"]
[Date "2009.11.21"]
[Round "4"]
[White "Hawkins,Jo"]
[Black "Arkell,K"]
[Result "1-0"]
[WhiteElo "2383"]
[BlackElo "2521"]
[EventDate "2009.11.21"]

1. e4 c6 2. d4 d5 3. exd5 cxd5 4. c4 Nf6 5. Nc3 g6 6. Qb3 Bg7 7. cxd5 O-O
8. g3 e6 9. dxe6 Nc6 10. exf7+ Kh8 11. Be3 Nxd4 12. Bxd4 Qxd4 13. Nf3 Qc5
1-0

[Event "British Rapidplay"]
[Site "Halifax ENG"]
[Date "2009.11.21"]
[Round "4"]
[White "Howell,D"]
[Black "Addison,B"]
[Result "1-0"]
[WhiteElo "2597"]
[BlackElo "2266"]
[EventDate "2009.11.21"]

1. e4 e5 2. Nf3 Nc6 3. Bb5 a6 4. Ba4 Nf6 5. O-O Be7 6. Re1 b5 7. Bb3 O-O 8.
d4 d6 9. c3 Bg4 10. d5 Na5 11. Bc2 c6 12. h3 Bc8 13. dxc6 Qc7 14. Nbd2 Qxc6
15. Nf1 Nc4 16. Ng3 Re8 17. a4 Bf8 18. Bg5 Re6 19. Qe2 Bd7 20. Bd3 Rb8 21.
b3 Nb6 22. axb5 axb5 23. Rec1 Ra8 24. Rxa8 Nxa8 25. c4 h6 26. cxb5 Qb7 27.
Be3 Re8 28. Nd2 Rb8 29. Ra1 d5 30. exd5 Nxd5 31. Bc4 Nab6 32. Bxb6 Nxb6 33.
Qxe5 Nc8 34. Nf5 Bxb5 35. Ne4 Bxc4 36. bxc4 Qb2 37. Qxb2 Rxb2 38. Ra8 1-0

[Event "British Rapidplay"]
[Site "Halifax ENG"]
[Date "2009.11.21"]
[Round "4"]
[White "Summerscale,A"]
[Black "Gordon,S"]
[Result "1-0"]
[WhiteElo "2454"]
[BlackElo "2527"]
[EventDate "2009.11.21"]

1. c4 Nf6 2. Nf3 e6 3. b3 b6 4. g3 Bb7 5. Bg2 Be7 6. O-O O-O 7. Bb2 c5 8.
e3 d5 9. Nc3 Nc6 10. Qe2 Rc8 11. Rfd1 dxc4 12. bxc4 Na5 13. d3 a6 14. Rab1
Qc7 15. Na4 Nd7 16. Bc3 Bc6 17. Nxb6 Nxb6 18. Bxa5 Rb8 19. Qb2 Na4 20.
Qxg7+ Kxg7 21. Bxc7 Rxb1 22. Rxb1 1-0

[Event "British Rapidplay"]
[Site "Halifax ENG"]
[Date "2009.11.21"]
[Round "5"]
[White "Surtees,M"]
[Black "Palliser,R"]
[Result "0-1"]
[WhiteElo "2149"]
[BlackElo "2435"]
[EventDate "2009.11.21"]

1. e4 c5 2. c3 d5 3. f3 Nc6 4. Bb5 Nf6 5. d3 Bd7 6. Bxc6 Bxc6 7. c4 e6 8.
Qe2 Be7 9. Nh3 Qa5+ 10. Nd2 dxc4 11. dxc4 e5 12. O-O Rd8 13. a4 O-O 14. Nf2
a6 15. Nd3 Qc7 16. Nb1 b5 17. axb5 axb5 18. Nc3 bxc4 19. Nf2 Rd4 20. Be3
Rb8 21. Rfc1 Qd7 22. g3 h5 23. h4 Bd6 24. Kg2 Qb7 25. Rc2 Ra8 26. Rxa8+
Qxa8 27. Nh3 Rd3 28. Ng5 Qb7 29. Nd1 Qb3 30. Bc1 Ba4 31. Rc3 Qxd1 32. Qxd1
Bxd1 33. Rxc4 Nh7 0-1

[Event "British Rapidplay"]
[Site "Halifax ENG"]
[Date "2009.11.21"]
[Round "5"]
[White "Hebden,M"]
[Black "Wells,P"]
[Result "0-1"]
[WhiteElo "2522"]
[BlackElo "2489"]
[EventDate "2009.11.21"]

1. d4 Nf6 2. Nf3 d5 3. c4 e6 4. Bg5 h6 5. Bxf6 Qxf6 6. Nc3 c6 7. e3 Nd7 8.
Bd3 dxc4 9. Bxc4 g6 10. O-O Bg7 11. Qc2 O-O 12. b4 Qe7 13. Rab1 b6 14. Qe2
a5 15. b5 c5 16. Na4 Bb7 17. dxc5 Nxc5 18. Nxb6 Rab8 19. Nd4 Qc7 20. Na4
Nxa4 21. Rfc1 Qd6 22. Qd2 e5 23. Nf3 Qxd2 24. Nxd2 e4 25. Rc2 Rfc8 26. Kf1
Nb6 27. Rbc1 a4 28. h4 h5 29. Ke1 Bf8 30. Bf1 Rxc2 31. Rxc2 Bd5 32. g3 Bb4
33. Kd1 Rd8 34. Kc1 Kf8 35. Nb1 Ke7 36. Kb2 a3+ 37. Kc1 Na4 38. Be2 Be6 39.
b6 Nxb6 40. Nc3 Bxc3 41. Rxc3 Rc8 0-1

[Event "British Rapidplay"]
[Site "Halifax ENG"]
[Date "2009.11.21"]
[Round "5"]
[White "Poobalasingam,P"]
[Black "Hawkins,Jo"]
[Result "0-1"]
[WhiteElo "2224"]
[BlackElo "2383"]
[EventDate "2009.11.21"]

1. d4 Nf6 2. c4 g6 3. Nc3 Bg7 4. e4 d6 5. f4 O-O 6. Nf3 c5 7. d5 e6 8. Be2
exd5 9. exd5 Re8 10. O-O Ng4 11. Bd3 Ne3 12. Bxe3 Rxe3 13. Qd2 Re8 14. Rae1
Rxe1 15. Qxe1 Bg4 16. Ng5 h6 17. Nxf7 Bd4+ 18. Kh1 Kxf7 19. f5 Kg7 20. fxg6
Nd7 21. h3 Ne5 22. Qg3 Bh5 23. Nb5 Qg5 24. Qxg5 hxg5 25. Be4 Be2 26. Rf5
Bxc4 27. Nxd6 Bxa2 28. Nf7 Rf8 29. Rxe5 Bxe5 30. Nxe5 Rf1+ 31. Kh2 Re1 0-1

[Event "British Rapidplay"]
[Site "Halifax ENG"]
[Date "2009.11.21"]
[Round "5"]
[White "Summerscale,A"]
[Black "Howell,D"]
[Result "0-1"]
[WhiteElo "2454"]
[BlackElo "2597"]
[EventDate "2009.11.21"]

1. Nf3 Nf6 2. c4 g6 3. Nc3 d5 4. cxd5 Nxd5 5. Qa4+ Bd7 6. Qh4 Bc6 7. Qd4
Rg8 8. Ne5 e6 9. Nxc6 Nxc6 10. Qa4 Bg7 11. g3 Qd7 12. Bg2 O-O-O 13. O-O Kb8
14. Rb1 h5 15. d3 Rh8 16. Bg5 f6 17. Bd2 f5 18. Rfc1 h4 19. Nxd5 exd5 20.
Bc3 hxg3 21. hxg3 Bxc3 22. bxc3 g5 23. c4 Nd4 24. Qa6 c6 25. Rb2 Ka8 26.
Qa4 dxc4 27. Rxc4 f4 28. Rbb4 Nxe2+ 29. Kf1 Nxg3+ 30. Ke1 Rhe8+ 31. Be4
Nxe4 32. Rxe4 0-1

[Event "British Rapidplay"]
[Site "Halifax ENG"]
[Date "2009.11.21"]
[Round "6"]
[White "Hawkins,Jo"]
[Black "Hebden,M"]
[Result "0-1"]
[WhiteElo "2383"]
[BlackElo "2522"]
[EventDate "2009.11.21"]

1. d4 Nf6 2. c4 g6 3. Nc3 Bg7 4. e4 d6 5. f3 O-O 6. Be3 c5 7. dxc5 dxc5 8.
Qxd8 Rxd8 9. Bxc5 Nc6 10. Nge2 b6 11. Ba3 Bb7 12. Rd1 Nd7 13. Nd5 Nde5 14.
Nec3 e6 15. Nc7 Rxd1+ 16. Nxd1 Rd8 17. Nb5 Na5 18. c5 Nec4 19. b4 Bc6 20.
bxa5 Bxb5 21. Bxc4 Bxc4 22. axb6 axb6 23. cxb6 Bd4 24. Be7 Rd7 25. Bb4 Bxb6
26. Nc3 f5 27. a4 Be3 28. Nd1 Ba7 29. Bd2 fxe4 30. fxe4 Bd3 31. Nc3 Rf7 32.
g4 Bd4 33. h4 Ba6 34. Nb5 Be5 35. Ke2 Bb7 36. Rh3 Bxe4 37. Re3 Rf4 38. Nc3
Bxc3 39. Rxc3 Rxg4 40. Rc8+ Kf7 41. Bg5 h6 42. Rc7+ Ke8 43. Bxh6 Bd5 44. a5
Rxh4 45. Bd2 Ra4 46. Bc3 e5 47. Rc5 Be6 48. Rxe5 Kf7 49. Re3 g5 50. Rg3 g4
51. Bd2 Kg6 52. Re3 Bc4+ 53. Kf2 Ra2 54. Ke1 Kf5 55. Rc3 Bd5 56. Rc5 Ke4
57. Rc8 g3 58. Re8+ Kf5 59. Re3 Ra1+ 60. Ke2 g2 0-1

[Event "British Rapidplay"]
[Site "Halifax ENG"]
[Date "2009.11.22"]
[Round "7"]
[White "Palliser,R"]
[Black "Wells,P"]
[Result "1/2-1/2"]
[WhiteElo "2435"]
[BlackElo "2489"]
[EventDate "2009.11.21"]

1. Nf3 d6 2. d4 Bg4 3. e4 Nf6 4. Nc3 e6 5. h3 Bh5 6. Qe2 c6 7. g4 Bg6 8. h4
h5 9. g5 Nfd7 10. Bf4 Be7 11. Bh3 d5 12. Nd2 Nb6 13. O-O N8d7 14. Rad1 Rc8
15. Rfe1 O-O 16. Bg3 Bb4 17. f4 dxe4 18. Ndxe4 Nd5 1/2-1/2

[Event "British Rapidplay"]
[Site "Halifax ENG"]
[Date "2009.11.22"]
[Round "7"]
[White "Gordon,S"]
[Black "Surtees,M"]
[Result "0-1"]
[WhiteElo "2527"]
[BlackElo "2149"]
[EventDate "2009.11.21"]

1. d4 c6 2. c4 f6 3. Nc3 e5 4. e4 d6 5. Nge2 g6 6. g3 h5 7. Be3 Nh6 8. Qd2
Nf7 9. h3 Nd7 10. f4 a5 11. Bg2 a4 12. O-O Qa5 13. Rac1 Be7 14. Kh1 Bd8 15.
c5 exd4 16. Bxd4 dxc5 17. Bg1 Be7 18. Qc2 Nb6 19. e5 f5 20. Nb1 Be6 21.
Nec3 O-O-O 22. b3 axb3 23. axb3 Qb4 24. Nd2 Nd5 25. Na4 Nxf4 26. Rxf4 Qxd2
27. Bxc5 Qxc2 28. Rxc2 Rd1+ 0-1

[Event "British Rapidplay"]
[Site "Halifax ENG"]
[Date "2009.11.22"]
[Round "7"]
[White "Hebden,M"]
[Black "Summerscale,A"]
[Result "1-0"]
[WhiteElo "2522"]
[BlackElo "2454"]
[EventDate "2009.11.21"]

1. d4 e6 2. Nf3 Nf6 3. e3 g6 4. Bd3 Bg7 5. O-O O-O 6. c4 d6 7. Nc3 Nc6 8.
d5 Ne7 9. dxe6 Bxe6 10. Nd4 Bd7 11. b3 Nc6 12. Nxc6 Bxc6 13. Bb2 d5 14. Qe2
Qe7 15. Rac1 Rfd8 16. Rfd1 dxc4 17. bxc4 Rd7 18. Nb5 Rad8 19. Nd4 Be4 20.
c5 c6 21. Bc4 Bd5 22. Bb3 Qe4 23. Nf3 Nh5 24. Bxg7 Nxg7 25. Rd4 Qe7 26.
Bxd5 Rxd5 27. Qb2 Ne6 28. Rxd5 Rxd5 29. h3 Nxc5 30. Qa3 b6 31. Nd4 Qd7 32.
Qc3 Rd6 33. Qc2 Qe7 34. a4 Qb7 35. a5 Qa6 36. Ra1 Qb7 37. Rb1 Qa6 38. axb6
axb6 39. Qb2 b5 40. Qb4 Nb7 41. Qc3 Qb6 42. Ra1 c5 43. Nf3 Rd8 44. Ng5 Nd6
45. Qf6 Qc7 46. Ra7 Nb7 47. Qxf7+ Qxf7 48. Nxf7 Rb8 49. Ne5 Nd6 50. Nd7 Rc8
51. Nf6+ Kf8 52. Nxh7+ Kg8 53. Nf6+ Kf8 54. Rd7 Ne8 55. Ne4 c4 56. Rb7 c3
57. Nxc3 Rxc3 58. Rxb5 Kf7 59. Rb6 Nf6 60. Rb5 Rc2 61. Rb4 Nd5 62. Rd4 Nf6
63. Rf4 Ke6 64. h4 Nd5 65. Re4+ Kf5 66. Rd4 Nf6 67. f3 Re2 68. Rd3 Ke5 69.
Kh2 Nd5 70. f4+ Ke6 71. h5 gxh5 72. Kg3 Nxe3 1-0

[Event "British Rapidplay"]
[Site "Halifax ENG"]
[Date "2009.11.22"]
[Round "7"]
[White "Howell,D"]
[Black "Hague,B"]
[Result "1-0"]
[WhiteElo "2597"]
[BlackElo "2289"]
[EventDate "2009.11.21"]

1. e4 Nc6 2. Nf3 Nf6 3. Nc3 d5 4. e5 Ne4 5. h3 Bf5 6. Bb5 e6 7. O-O Bc5 8.
Ne2 f6 9. d3 Nxf2 10. Bxc6+ bxc6 11. Rxf2 Bxf2+ 12. Kxf2 fxe5 13. Nxe5 O-O
14. Kg1 Qf6 15. Nd7 Qh4 16. Nxf8 Rxf8 17. Be3 Bxh3 18. Qe1 Qg4 19. Ng3 h5
20. gxh3 Qxh3 21. Bf2 h4 22. Qf1 Qg4 23. Qg2 hxg3 24. Qxg3 Qh5 25. Bd4 Rf7
26. Rf1 Rxf1+ 27. Kxf1 Qd1+ 28. Kg2 Qe2+ 29. Kg1 Qd1+ 30. Kg2 Qe2+ 31. Qf2
Qg4+ 32. Kf1 Qd1+ 33. Qe1 Qf3+ 34. Bf2 Kf7 35. d4 g5 36. Qe3 Qd1+ 37. Kg2
Qxc2 38. Qxg5 Qxb2 39. Qf4+ Kg6 40. Qxc7 Qxa2 41. Qxc6 Kf5 42. Qe8 Qe2 43.
Qf7+ Ke4 44. Qxe6+ Kd3 45. Qxd5 Qg4+ 46. Kf1 Qf4 47. Kg1 a5 48. Qb3+ Ke4
49. Qb1+ Kd5 50. Qa2+ Ke4 51. Qe2+ Kd5 52. Qb5+ Ke4 53. Qxa5 Qg4+ 54. Kf1
Qh3+ 55. Ke1 Qh1+ 56. Kd2 Qh6+ 57. Kc2 Qc6+ 58. Kd1 Qf6 59. Qe1+ Kd5 60.
Qe2 Qb6 61. Qc2 Qf6 62. Qb3+ Ke4 63. Ke2 Qg7 64. Qe6+ 1-0

[Event "British Rapidplay"]
[Site "Halifax ENG"]
[Date "2009.11.22"]
[Round "7"]
[White "Slavin,A"]
[Black "Hawkins,Jo"]
[Result "0-1"]
[WhiteElo "2304"]
[BlackElo "2383"]
[EventDate "2009.11.21"]

1. d4 Nf6 2. Nf3 g6 3. Nc3 d5 4. Bf4 Bg7 5. Qd2 Ne4 6. Nxe4 dxe4 7. Ne5 Nd7
8. Nxd7 Qxd7 9. e3 O-O 10. Qc3 c6 11. O-O-O Qf5 12. Be2 Be6 13. h4 Rfc8 14.
f3 Bd5 15. Qa3 c5 16. Bh2 cxd4 17. exd4 exf3 18. Bd3 Qg4 19. gxf3 Bxf3 20.
Rhg1 Qxh4 21. Bg3 Qg5+ 22. Rd2 Bh6 23. Qa5 Qxa5 0-1

[Event "British Rapidplay"]
[Site "Halifax ENG"]
[Date "2009.11.22"]
[Round "8"]
[White "Hague,B"]
[Black "Palliser,R"]
[Result "0-1"]
[WhiteElo "2289"]
[BlackElo "2435"]
[EventDate "2009.11.21"]

1. e4 c5 2. b3 d6 3. Bb2 Nf6 4. Nc3 g6 5. Bb5+ Bd7 6. Bxd7+ Nbxd7 7. d3 Bg7
8. f4 O-O 9. Nf3 b5 10. O-O c4 11. Kh1 b4 12. Ne2 cxd3 13. cxd3 Ng4 14.
Bxg7 Kxg7 15. Qd2 Qb6 16. h3 Ngf6 17. Rac1 Rfc8 18. f5 Ne5 19. Nxe5 dxe5
20. fxg6 hxg6 21. Qg5 Rxc1 22. Rxc1 Qd6 23. Ng3 Kf8 24. Kh2 Rd8 25. Rd1 Qc5
26. Rf1 Rxd3 27. Qh6+ Ke8 28. Rc1 Ng8 29. Rxc5 Nxh6 30. Ra5 Rd7 31. Rxe5
Rb7 32. Ne2 Ng8 33. Nd4 Nf6 34. Nc6 e6 35. Na5 Rc7 36. Nc4 Ke7 37. Rb5 Nxe4
38. Rxb4 Nc3 39. a4 f5 40. Ne5 Kf6 41. Nf3 e5 42. Rb8 e4 43. Nd4 Rd7 44.
Nc6 e3 45. Rf8+ Kg5 46. Kg3 f4+ 47. Kf3 e2 48. Kf2 Rd1 49. h4+ Kh6 50. Rf7
0-1

[Event "British Rapidplay"]
[Site "Halifax ENG"]
[Date "2009.11.22"]
[Round "8"]
[White "Howell,D"]
[Black "Hebden,M"]
[Result "1/2-1/2"]
[WhiteElo "2597"]
[BlackElo "2522"]
[EventDate "2009.11.21"]

1. e4 e5 2. Nf3 Nc6 3. Nc3 Nf6 4. Bb5 Nd4 5. Bc4 d6 6. h3 c6 7. O-O Be7 8.
a4 Be6 9. d3 Nxf3+ 10. Qxf3 O-O 11. Re1 h6 12. Re2 Kh8 13. Bd2 Nh7 14. Rd1
Bg5 15. Be3 Qe7 16. Bxg5 Nxg5 17. Qe3 Bxc4 18. dxc4 Ne6 19. Red2 Rad8 20.
Qxa7 Nc5 21. Qb6 f5 22. exf5 e4 23. b4 e3 24. Re2 exf2+ 25. Kf1 Nd7 26.
Rxe7 Nxb6 27. Rxb7 Nxc4 28. Kxf2 Rxf5+ 29. Kg1 Ne3 30. Rc1 Rdf8 31. Re7
Rf1+ 32. Rxf1 Rxf1+ 33. Kh2 Re1 34. Rc7 Nxc2 35. Rxc6 Nxb4 36. Rxd6 Ra1 37.
Rd4 Nc6 38. Rc4 Ne5 39. Rc8+ Kh7 40. Kg3 Ra3 41. Kf4 Nd3+ 42. Kf5 Nb2 43.
h4 Nxa4 44. Ne4 Nb6 45. Rc7 Ra5+ 46. Kg4 Nd5 47. Rd7 Ra4 48. Rxd5 1/2-1/2

[Event "British Rapidplay"]
[Site "Halifax ENG"]
[Date "2009.11.22"]
[Round "8"]
[White "Pritchett,C"]
[Black "Arkell,K"]
[Result "1/2-1/2"]
[WhiteElo "2303"]
[BlackElo "2521"]
[EventDate "2009.11.21"]

1. Nf3 Nf6 2. c4 c5 3. g3 Nc6 4. Bg2 g6 5. O-O Bg7 6. Nc3 O-O 7. d3 d5 8.
cxd5 Nxd5 9. Bd2 Nc7 10. Rc1 b6 11. Be3 Bb7 12. Qd2 Nd4 13. Nh4 Bxg2 14.
Nxg2 e5 15. Bh6 Bxh6 16. Qxh6 Nd5 17. Rfe1 Qd7 18. h4 Rad8 19. Nxd5 Qxd5
20. b3 Qe6 21. Kh2 Rfe8 22. h5 Nf5 23. Qg5 h6 24. Qg4 g5 25. Rc4 Nd4 26.
Qxe6 Rxe6 27. f3 f5 28. Kg1 Rf6 29. Kf2 g4 30. f4 Re6 31. fxe5 Rxe5 32. Nf4
a5 33. Ng6 Ree8 34. Nh4 Rd5 35. e3 Nc6 36. e4 Ne5 37. exd5 Nxd3+ 38. Kg2
Nxe1+ 39. Kf1 Nd3 40. d6 Re5 41. d7 Rd5 42. Ke2 Rxd7 43. Nxf5 Kh7 44. Rxg4
Nc1+ 45. Ke3 Rf7 46. Ke4 Nxa2 47. Rg6 Nc3+ 48. Ke5 c4 49. Rxh6+ Kg8 50.
Rxb6 Rc7 51. h6 cxb3 52. h7+ Kxh7 53. Rxb3 1/2-1/2

[Event "British Rapidplay"]
[Site "Halifax ENG"]
[Date "2009.11.22"]
[Round "8"]
[White "Surtees,M"]
[Black "Poobalasingam,P"]
[Result "1-0"]
[WhiteElo "2149"]
[BlackElo "2224"]
[EventDate "2009.11.21"]

1. e4 c5 2. c3 d5 3. f3 Nc6 4. d3 Nf6 5. Qe2 dxe4 6. dxe4 e5 7. Be3 Be7 8.
Qc2 Be6 9. Nd2 O-O 10. g3 Rc8 11. Nh3 h6 12. Rd1 Qa5 13. b3 b5 14. Qb2 c4
15. b4 Nxb4 16. cxb4 Bxb4 17. Qc2 Rfd8 18. Nf2 Qa3 19. Ke2 c3 20. Nb3 Rd2+
21. Bxd2 cxd2 22. Qb1 Rd8 23. Nd3 Rxd3 24. Kxd3 a5 25. Ke2 a4 26. Nxd2 Bxa2
27. Qc1 Bc4+ 28. Nxc4 Qa2+ 29. Nd2 Ba3 30. Qb1 Qe6 31. Qxb5 Nd7 32. Kf2
Bc5+ 33. Kg2 Be3 34. Bc4 Qe7 35. Nb1 Nc5 36. Rd5 Bd4 37. Rd1 Ne6 38. R1xd4
exd4 39. Re5 a3 40. Nxa3 Qxa3 41. Qe8+ Kh7 42. Rxe6 fxe6 43. Bxe6 Qb2+ 44.
Kh3 d3 45. Bg8+ Kh8 46. Bf7+ Kh7 47. Qg8+ 1-0

[Event "British Rapidplay"]
[Site "Halifax ENG"]
[Date "2009.11.22"]
[Round "9"]
[White "Palliser,R"]
[Black "Summerscale,A"]
[Result "1-0"]
[WhiteElo "2435"]
[BlackElo "2454"]
[EventDate "2009.11.21"]

1. d4 d6 2. Nf3 f5 3. Nc3 Nf6 4. Bg5 Nbd7 5. Qd3 h6 6. Bxf6 Nxf6 7. e4 e6
8. exf5 exf5 9. Nh4 Qd7 10. Ng6 Rg8 11. d5 Qf7 12. Qb5+ Kd8 13. Nf4 g5 14.
Ne6+ Bxe6 15. dxe6 Qxe6+ 16. Be2 Kc8 17. O-O c6 18. Qa5 Rg7 19. Rfe1 Qe5
20. Qa4 Re7 21. g3 Kc7 22. Qc4 Rae8 23. Bd3 Qxe1+ 24. Rxe1 Rxe1+ 25. Kg2 d5
26. Qd4 Ne4 27. Bxe4 fxe4 28. Nxd5+ Kc8 29. Qxa7 Bd6 30. Qa8+ Bb8 31. Nb6+
Kc7 32. Qa5 Rd1 33. Nd5+ Kc8 34. Nb6+ Kc7 35. Nd5+ Kc8 36. Nf6 Re5 37. Qb4
e3 38. fxe3 Rxe3 39. Qg4+ Kd8 40. Qxd1+ 1-0